| 000 | 02212nam0a2200373 4500 | ||
|---|---|---|---|
| 001 | RU\NLR\BIBL_A\012554455 | ||
| 005 | 20210729103233.0 | ||
| 010 |
_a978-5-94279-510-8 _950 |
||
| 021 |
_aRU _bКН-П-21-009913 _9КН-П-21-0793 |
||
| 035 | _a(NLR Aleph) 012554455 | ||
| 090 |
_a12441023 _c12441023 |
||
| 100 | _a20210629d2021 k y0rusy50 ca | ||
| 101 | 0 | _arus | |
| 102 | _aRU | ||
| 105 | _aa z 000zy | ||
| 181 | 0 |
_ai _baxxe |
|
| 182 | 0 | _an | |
| 200 | 1 |
_aЛесной комплекс Прикамья: взаимодействие науки и практики _eмонография _fС. Ю. Бердинских, к.б.н., доцент, Т. А. Бойко, к.б.н., доцент, А. П. Мальцева, к.э.н [и др.] _gМинистерство сельского хозяйства Российской Федерации, Федеральное государственное бюджетное образовательное учреждение высшего образования "Пермский государственный аграрно-технологический университет имени академика Д. Н. Прянишникова" |
|
| 203 |
_aТекст _bвизуальный _cнепосредственный |
||
| 210 |
_aПермь _cПрокростЪ _d2021 |
||
| 215 |
_a131, [1] с. _cил., цв. ил., табл. _d21 |
||
| 300 | _aАвт. указаны на обороте тит. с. | ||
| 320 | _aБиблиогр.: с. 121-127 (123 назв.) | ||
| 606 | 1 |
_aЛесной кадастр _91218274 _3RU\NLR\AUTH\66495366 |
|
| 686 | 1 | _aП3д(2Р36,833) | |
| 701 | 1 |
_aБердинских _bС. Ю. _gСергей Юрьевич |
|
| 701 | 1 |
_aБойко _bТ. А. _gТатьяна Алексеевна |
|
| 701 | 1 |
_aМальцева _bА. П. _gАнастасия Павловна |
|
| 712 | 0 | 2 |
_4570 _aПермский государственный аграрно-технологический университет им. Д. Н. Прянишникова _9592234 _3RU\NLR\AUTH\880464853 |
| 942 | _cBOOK | ||
| 980 | _aNB | ||